Landen met 13 of meer letters - Statistieken

Algemene statistieken
  • Deze quiz is 180 keer genomen
  • De gemiddelde score is 14 van 19
Antwoordstatistieken
Country % Correct
Verenigde Staten
89%
Verenigd Koninkrijk
87%
Salomonseilanden
83%
Marshalleilanden
80%
Congo-Kinshasa
79%
Antigua en Barbuda
77%
Congo-Brazzaville
76%
Centraal Afrikaanse Republiek
75%
Papoea Nieuw Guinea
75%
Trinidad en Tobago
72%
Dominicaanse Republiek
71%
Saint-Kitts en Nevis
71%
Saint Vincent en de Grenadines
71%
Verenigde Arabische Emiraten
69%
Bosnië en Herzegovina
68%
Noord-Macedonië
60%
Equatoriaal-Guinea
57%
Sao Tomé en Principe
56%
Liechtenstein
53%
Geen overeenkomende quizzen gevonden
Scoreverdeling
Procent van Mensen met Elke Score
Percentiel versus Aantal Correcte Antwoorden
Uw Scoregeschiedenis
U heeft deze quiz nog niet genomen